| 000 | 00808nam a2200253 a 4500 | ||
|---|---|---|---|
| 001 | BRCA_5249 | ||
| 005 | 20190320205013.0 | ||
| 008 | 301110s1937----fr-a######---#000-0#fre-# | ||
| 041 | _afre | ||
| 044 | _afr | ||
| 050 | 4 |
_aND813 _b.L44 1937 |
|
| 100 | 1 |
_aLegendre, M. _913449 |
|
| 245 | 1 | 0 |
_aDomenikos Theotokopoulos called El Greco _cby M. Legendre and A. Hartmann. |
| 260 |
_aParís _bHypérion _c1937 |
||
| 300 |
_a512 p. _bil. (algunas a color) _c25 cm. |
||
| 500 | _aIncluye lista de pinturas, índice de colecciones e índice de ilustraciones | ||
| 500 | _aE69 | ||
| 504 | _aBibliografía: p. 495-496 | ||
| 600 | 1 | 4 |
_aTheotocoupulli, Dominico _cllamado El Greco _dm. 1614 _913450 |
| 650 | 1 | 4 |
_aPintores españoles _97620 |
| 700 | 1 |
_aHartmann, A. _ecoaut. _913451 |
|
| 902 | _aGFM | ||
| 942 |
_2lcc _cB |
||
| 999 |
_c4943 _d4943 |
||